1905 1250 1765 1073 1602 1665 1944 1514 1657 1134 1791 1484 1150 1302 1674 1517 1488 1876 1122 1235 1124 1837 1882 1269 1659 1805 1614 1938 1744 1585 1503 1996 1869 1243 1821 1715 1380 1012 1903 1801 1686 1011 1895 1064 1187 1054 1752 1682 1923 1611 1405 1687 1877 1046 1983 1341 1453 1969 1301 1985 1682 1180 1089 1053 1787 1754 1991 1977 1141 1647 1871 1792 1340 1670 1793 1129 1694 1909 1171 1796 1627 1150 1991 1485 1150 1255 1119 1343 1807 1099 1668 1073 1539 1144 1944 1668 1489 1188 1945 BCNSPRNW ULIB Ver.6.0+V

เปลี่ยนเป็นภาษาไทย

Change to English
 แสดงรายละเอียดบรรณานุกรม
  กลับหน้าหลัก

Brief Record : Get Marc (ISO 2709) : E-mail record : QR code < ปิดหน้าต่าง
LEADER : 00000nam 2200000uu 4500
001    13399111077
003     ULIB
008    110616s||||||||th 000 0 tha d
020    9789741684724(ล.2)
050 04 BF455^bท317ร ล.2 2552
100 0  ทองสุข รวยสูงเนิน
245 10 รูปแบบการจัดการเรียนรู้เพื่อพัฒนาทักษะการคิด 2 /^cเรียบเรียงโดย ทองสุข รวยสูงเนิน
250    พิมพ์ครั้งที่ 2
260    กรุงเทพฯ :^bสถาบันพัฒนาความก้าวหน้า,^c2552
300     เล่ม :^bภาพประกอบ
504    บรรณานุกรม: หน้า 154-157
505 0  ล.2^tรูปแบบการจัดการเรียนรู้เพื่อพัฒนาทักษะการคิด --ล.3^tคู่มือปฏิบัติการการจัดการเรียนรู้เพื่อพัฒนาทักษะการคิด
650  7 การเรียนรู้
650  7 การสอน
650  7 ระบบการเรียนการสอน
650  7 ทักษะทางการคิด
710 20 สถาบันพัฒนาความก้าวหน้า
945    ^p180^l0^i027100
945    ^p180^l0^i027099
995    ทศพร
999 ^a ใช้งานได้ทุกระบบ
รายการนี้ยังไม่มีแท็ก
คุณยังไม่ได้ล็อกอิน คุณสามารถมีกิจกรรมร่วมกับเว็บไซต์ได้ แต่ต้องล็อกอินก่อน ::
  ล็อกอิน

รายการสื่อสารสนเทศ

ลำดับที่ ประเภท เลขเรียก/บาร์โค้ด สถานที่ สถานะ
- ไม่พบข้อมูล -

รายการใกล้เคียง
    ผู้แต่ง [ทองสุข รวยสูงเนิน]

    หัวเรื่อง [การเรียนรู้]
    หัวเรื่อง [การสอน]
    หัวเรื่อง [ระบบการเรียนการสอน]
    หัวเรื่อง [ทักษะทางการคิด]

BibComment


ยังไม่เคยถูกคอมเมนท์

คอมเมนท์ทรัพยากรรายการนี้
  คอมเมนท์: รูปแบบการจัดการเร..


 Copyright 2026. Bcnsprnw @Library